Movies Quiz

Random Movies or Marvel Quiz

All marvel films Quiz Stats

 Plays Quiz not verified by Sporcle

Score 0/31 Timer 08:00
0 Plays Today
year movie % Correct
2003Hulk
89.6%
2008Iron Man
89%
2002Spider Man
88.5%
2008The Incredible Hulk
86.8%
2010Iron Man 2
86.8%
2000X Men
84.1%
2004Spider Man 2
83.5%
2007Spider Man 3
83.5%
2003X Men 2
81.9%
1944Captain America
81.3%
1990Captain America
81.3%
2006X Men The Last Stand
74.2%
1994The Fantastic Four
73.1%
2005Fantastic Four
73.1%
2003Dare Devil
70.9%
2009X Men Origins : Wolverine
67%
year movie % Correct
2007Fantastic Four Rise Of The Silver Surfer
65.4%
1989The Punisher
64.8%
2004The Punisher
64.8%
2005Elektra
62.1%
1998Blade
61.5%
2002Blade 2
59.3%
2007Ghost Rider
59.3%
2004Blade Trinity
56.6%
2008Punisher War Zone
45.1%
1986Howard The Duck
36.3%
1977The Amazing Spider Man
31.3%
2005Man Thing
24.7%
1985Red Sonja
9.9%
1979Spider Man The Dragons Challenge
8.2%
1978Spider Man Strikes Back
6.6%

You're not logged in!

Compare scores with friends on all Sporcle quizzes.
OR
Log In

Show Comments

Extras

Created Oct 28, 2010ReportNominate
Tags:Marvel Quiz

Top Quizzes Today


Score Distribution

Your Account Isn't Verified!

In order to create a playlist on Sporcle, you need to verify the email address you used during registration. Go to your Sporcle Settings to finish the process.

Report this User

Report this user for behavior that violates our Community Guidelines.

Details: